000
00304nam a22001217a 4500
020
_a
0-07-044095-6
082
_a
519.72 MUR'A
100
_a
MURTAGH, B.A
_9
74155
245
_a
ADVANCED LINEAR PROGRAMMING COMPUTTAION AND PRACTICE
260
_a
NEWYORK
_b
MCGRAW HILL
_c
1981
300
_a
202P
942
_c
BK
999
_c
579720
_d
579720